Guess the Italian food by the picture!🍕 - Statistics

General Stats
  • This quiz has been taken 234 times
  • The average score is 8 of 16
Answer Stats
Picture Answer % Correct
pizza
100%
gelato
85%
tiramisu
84%
ravioli
75%
bruschetta
73%
cannoli
72%
gnocchi
62%
panna cotta
49%
panettone
48%
arancini
39%
biscotti
38%
affogato
34%
minestrone
31%
focacia
18%
linguine
18%
viennetta
10%
No matching quizzes found
Score Distribution
Percent of People with Each Score
Percentile by Number Answered
Your Score History
You have not taken this quiz